[Event "Titled Tue 19th Sep Early"]
[Site "chess.com INT"]
[Date "2023.09.19"]
[Round "10"]
[White "Nakamura,Hi"]
[Black "Martinez Alcantara,Jose Eduardo"]
[Result "1-0"]
[WhiteElo "2780"]
[BlackElo "2611"]

1.e4 c5 2.Nf3 d6 3.d4 cxd4 4.Nxd4 Nf6 5.Nc3 a6 6.Rg1 h5 7.Bg5 Nbd7 8.Qd2 e6
9.O-O-O b5 10.f3 Bb7 11.h4 Rc8 12.Kb1 Qc7 13.Be2 Be7 14.Bd3 Qb6 15.Nce2 Nc5
16.Be3 b4 17.Nb3 a5 18.Nxc5 dxc5 19.Nf4 Qc7 20.Bc4 Rd8 21.Qf2 Rxd1+ 22.Rxd1 O-O
23.Nd3 Nd7 24.Bf4 Qc6 25.Qe2 Rd8 26.Nc1 Nb6 27.Bb5 Qc8 28.g3 Rxd1 29.Qxd1 Bc6
30.Bxc6 Qxc6 31.b3 c4 32.Ne2 Nd7 33.Nd4 Qb7 34.Bg5 Bf8 35.Qe2 Nb6 36.Qd2 a4
37.Ne2 axb3 38.axb3 cxb3 39.cxb3 Nd7 40.Qd4 Nc5 41.Nc1 Qa6 42.Qd8 Qb7 43.Be3 Qc6
44.Qd4 Nd7 45.Nd3 Qb5 46.Qc4 Qb7 47.Bd4 Qb8 48.Bf2 Qb7 49.Be1 Qb8 50.Qd4 Qb7
51.Bxb4 Bxb4 52.Qxb4 Qa6 53.Qc4 Qd6 54.f4 Qb8 55.Kb2 Nf6 56.Qd4 Qa8 57.Nc5 Qa5
58.b4 Qb5 59.Kb3 Qf1 60.Qd8+ Kh7 61.Qd3 Qg1 62.e5+ Kg8 63.exf6 gxf6 64.Ne4 Kg7
65.Nc3 f5 66.b5 Kg6 67.Qd8 Kh7 68.Qg5 Qa7 69.Qxh5+ Kg8 70.Qg5+ Kh7 71.Qd8 Qg1
72.b6 Qxg3 73.b7 Qxf4 74.b8=Q Qxb8+ 75.Qxb8 Kg6 76.Qg3+ Kf6 77.Qg5+ Ke5 78.h5 f6
79.Qg1 f4 80.h6 Kd6 81.h7 Ke7 82.h8=Q Kd6 83.Qxf6  1-0

[Event "Titled Tue 19th Sep Early"]
[Site "chess.com INT"]
[Date "2023.09.19"]
[Round "11"]
[White "Sarana,A"]
[Black "Nakamura,Hi"]
[Result "1/2-1/2"]
[WhiteElo "2693"]
[BlackElo "2780"]

1.d4 a6 2.e4 c6 3.Nf3 d5 4.exd5 cxd5 5.Bd3 Bg4 6.h3 Bh5 7.c3 Nc6 8.O-O e6
9.Bf4 Bd6 10.Bxd6 Qxd6 11.Nbd2 Nf6 12.Re1 Nd7 13.Qb3 O-O 14.a4 Rab8 15.Qa3 Qc7
16.a5 Rfe8 17.Re3 f6 18.c4 Bf7 19.cxd5 exd5 20.Rxe8+ Rxe8 21.b4 Qf4 22.Qb2 Ra8
23.b5 Nd8 24.bxa6 bxa6 25.Rc1 Qd6 26.Qc3 Nf8 27.Nb3 Nfe6 28.Nc5 g5 29.Bf5 Nf4
30.Re1 Bg6 31.Bxg6 hxg6 32.Re8+ Kf7 33.Qe3 Ra7 34.g3 Nfe6 35.Rh8 Re7 36.Nxe6 Nxe6
37.Qb3 Kg7 38.Qb8 Qxb8 39.Rxb8 Kf7 40.Rb6 Ra7 41.Rd6 Ke7 42.Rxd5 Rc7 43.Nd2 Rc3
44.Ne4 Rc4 45.Nc5 Rxd4 46.Rxd4 Nxd4 47.Nxa6 Nc6 48.Nc5 Nxa5 49.Kg2 Kd6 50.Ne4+ Ke5
51.Nd2 Nc6 52.Nf3+ Ke4 53.Nd2+ Kd3 54.Nf3 Nb4 55.Nh2 Nd5 56.Ng4 Ke2 57.Nh6 Nc3
58.Ng8 Nd5 59.Nh6 Ne7 60.Nf7 Kd3 61.Nd6 Kd4 62.Nb5+ Kc4 63.Nd6+ Kd5 64.Nb5 Ke4
65.Nd6+ Ke5 66.Nb5 f5 67.Kf3 Nc6 68.Ke3 Nb4 69.Nc3 Nc2+ 70.Kd3 Nb4+ 71.Ke3 Nc6
72.f4+ gxf4+ 73.gxf4+ Ke6 74.Kf3 Nb4 75.Ke3 Kf6 76.Kd4 Kg7 77.Nd5 Nc2+ 78.Kd3 Na3
79.Ke3 Kh6 80.Kf3 Kh5 81.Kg3 Nc4 82.Nf6+ Kh6 83.Nd5 Nd2 84.Ne3 Ne4+ 85.Kf3 Kh5
86.Ng2 Nf6 87.Ke3 Ne4 88.Kf3 Nc3 89.Ke3 Na4 90.Kf3 Kh6 91.Ke3 Nb6 92.Kf3 Nd5
93.Kf2 Kg7 94.Kf3 Kf6 95.Kf2 Ke6 96.Kf3 Nf6 97.Nh4 Kf7 98.Ng2 Kg7 99.Nh4 Kh6
100.Ng2 Ne4 101.Ke3 Kh5 102.Kf3  1/2-1/2

[Event "chess.com SpeedChess 2023"]
[Site "chess.com INT"]
[Date "2023.09.20"]
[Round "3.18"]
[White "Nakamura,Hi"]
[Black "Vachier Lagrave,M"]
[Result "1-0"]
[WhiteElo "2780"]
[BlackElo "2727"]

1.Nf3 d5 2.b3 Nf6 3.e3 g6 4.Bb2 Bg7 5.c4 O-O 6.d4 c6 7.Bd3 Bg4 8.Nbd2 Nbd7
9.h3 Bxf3 10.Nxf3 e6 11.Qc2 Qe7 12.O-O Rfc8 13.Rac1 c5 14.cxd5 Nxd5 15.Ba3 Qd8
16.dxc5 Qa5 17.e4 Nf4 18.g3 Nxh3+ 19.Kg2 Nxf2 20.Qxf2 Qxa3 21.Rc4 Rxc5 22.Nd4 Rxc4
23.Qxf7+ Kh8 24.Nxe6 Rg8 25.Qxd7 Rc3 26.Ng5 Rf8 27.Nf7+ Kg8 28.Qd5 Qe7 29.Bc4 Rxc4
30.Nh6+ Kh8 31.Rxf8+ Qxf8 32.Nf7+ Kg8 33.Nd6+ Kh8 34.bxc4 b6 35.e5 h5 36.e6 Bf6
37.Ne4 Be7 38.Qe5+ Kh7 39.Qc7 Kh6 40.Nc3 Qf6 41.Nd5 Qb2+ 42.Kf3 Bc5 43.Qf4+ g5
44.Qf6+ Qxf6+ 45.Nxf6 Kg6 46.Nd5 Bd6 47.g4 h4 48.a4 Bc5 49.Kg2 Bd6 50.Kh3 Bc5
51.Nc3 Kf6 52.Ne4+ Kxe6 53.Nxg5+ Ke5 54.Kxh4 Kd4 55.Ne6+ Kxc4 56.Nxc5 bxc5
57.g5 Kd5 58.Kh5 c4 59.g6 Ke6 60.Kh6 c3 61.g7  1-0

[Event "chess.com SpeedChess 2023"]
[Site "chess.com INT"]
[Date "2023.09.20"]
[Round "3.42"]
[White "Nakamura,Hi"]
[Black "Vachier Lagrave,M"]
[Result "1-0"]
[WhiteElo "2780"]
[BlackElo "2727"]

1.e4 c5 2.Nf3 Nc6 3.Nc3 g6 4.Bb5 Bg7 5.Ne2 e5 6.c3 Nge7 7.O-O O-O 8.d3 a6
9.Ba4 d6 10.Ng3 h6 11.Bb3 Kh7 12.Bc2 f5 13.exf5 Nxf5 14.Re1 Nxg3 15.hxg3 Bg4
16.d4 cxd4 17.Qd2 dxc3 18.bxc3 d5 19.Rb1 e4 20.Rxb7 Qf6 21.Nh2 Be6 22.c4 Rad8
23.cxd5 Bxd5 24.Ng4 Qd4 25.Qxh6+ Kg8 26.Qxg6  1-0

[Event "chess.com SpeedChess 2023"]
[Site "chess.com INT"]
[Date "2023.09.20"]
[Round "3.16"]
[White "Vachier Lagrave,M"]
[Black "Nakamura,Hi"]
[Result "0-1"]
[WhiteElo "2727"]
[BlackElo "2780"]

1.e4 c5 2.Nf3 Nc6 3.Bb5 d6 4.O-O Bd7 5.Re1 Nf6 6.h3 a6 7.Bf1 e5 8.c3 Be7
9.d4 O-O 10.d5 Na7 11.c4 Ne8 12.Nc3 b5 13.b3 g6 14.Bd3 Ng7 15.Qe2 Rb8 16.Nh2 f5
17.exf5 gxf5 18.Bd2 Bf6 19.Rac1 bxc4 20.bxc4 Nc8 21.Nd1 Ne7 22.Ne3 Ng6 23.g3 Rb2
24.Rc2 e4 25.Rxb2 exd3 26.Qxd3 Bxb2  0-1

[Event "chess.com SpeedChess 2023"]
[Site "chess.com INT"]
[Date "2023.09.20"]
[Round "3.22"]
[White "Nakamura,Hi"]
[Black "Vachier Lagrave,M"]
[Result "0-1"]
[WhiteElo "2780"]
[BlackElo "2727"]

1.e4 c5 2.Nf3 d6 3.Bb5+ Bd7 4.Bxd7+ Qxd7 5.d3 g6 6.O-O Bg7 7.c3 e5 8.a3 Ne7
9.b4 O-O 10.Nbd2 Nbc6 11.Nc4 b5 12.Ne3 a6 13.bxc5 dxc5 14.c4 bxc4 15.Nxc4 Rad8
16.Be3 Qxd3 17.Qxd3 Rxd3 18.Bxc5 Rc8 19.Rac1 Nd4 20.Nxd4 Rxc5 21.Nf3 h6 22.Rc2 Nc6
23.Ncxe5 Rxc2 24.Nxd3 a5 25.a4 Nb4 26.Rc1 Ra2 27.Nc5 Bf8 28.h4 Bxc5 29.Rxc5 Rxa4
30.h5 Nd3 31.Rc8+ Kg7 32.hxg6 Kxg6 33.Rc6+ Kh7 34.e5 Ra1+ 35.Kh2 Nxf2 36.e6 fxe6
37.Rxe6 a4 38.Ra6 a3 39.Nd4 a2 40.Kg3 Ne4+ 41.Kg4 Nc3 42.Ra7+ Kg8  0-1

[Event "chess.com SpeedChess 2023"]
[Site "chess.com INT"]
[Date "2023.09.20"]
[Round "3.24"]
[White "Vachier Lagrave,M"]
[Black "Nakamura,Hi"]
[Result "1-0"]
[WhiteElo "2727"]
[BlackElo "2780"]

1.e4 c5 2.Nf3 Nc6 3.Nc3 Nf6 4.d4 cxd4 5.Nxd4 d6 6.h3 e5 7.Nf3 Be7 8.Bc4 a6
9.Bg5 Be6 10.Bb3 Rc8 11.Bxf6 Bxf6 12.Nd5 Bg5 13.c3 Bh6 14.Qe2 Na5 15.Rd1 O-O
16.O-O Nxb3 17.axb3 g6 18.b4 f5 19.Rfe1 Qe8 20.h4 Qd8 21.exf5 gxf5 22.Ng5 Bxd5
23.Rxd5 Rf6 24.f4 e4 25.g4 Qf8 26.gxf5 Bxg5 27.fxg5 Rxf5 28.Rxf5 Qxf5 29.Qxe4 Qxe4
30.Rxe4 Kf7 31.Kf2 d5 32.Rf4+ Ke6 33.Rf6+ Ke5 34.Rf7 h5 35.gxh6  1-0

[Event "chess.com SpeedChess 2023"]
[Site "chess.com INT"]
[Date "2023.09.20"]
[Round "3.26"]
[White "Nakamura,Hi"]
[Black "Vachier Lagrave,M"]
[Result "1/2-1/2"]
[WhiteElo "2780"]
[BlackElo "2727"]

1.e4 c5 2.Nf3 d6 3.Bb5+ Bd7 4.Bxd7+ Qxd7 5.O-O Nc6 6.c3 d5 7.d3 e6 8.Qe2 Nge7
9.Nbd2 Ng6 10.g3 Be7 11.h4 O-O 12.h5 Nh8 13.Re1 f6 14.Nf1 Nf7 15.Ne3 f5 16.exf5 exf5
17.Ng2 Rae8 18.Bf4 Bf6 19.Qd2 d4 20.c4 Nfd8 21.h6 g6 22.Bg5 Bxg5 23.Nxg5 Nf7
24.Nxf7 Qxf7 25.Qf4 Qf6 26.Qc7 g5 27.Qxb7 Qxh6 28.Qd7 Ne5 29.Qd5+ Nf7 30.f4 Qh3
31.Kf2 Kg7 32.fxg5 Nxg5 33.Rh1 Qg4 34.Nf4 Re3 35.Rag1 Rfe8 36.Rg2 Rf3+ 37.Kg1 Re1+
38.Kh2 Rxh1+ 39.Kxh1 Rf1+ 40.Rg1 Rxg1+ 41.Kxg1 Qxg3+ 42.Ng2 Nh3+ 43.Kh1 Nf2+
44.Kg1 Nh3+ 45.Kh1 Nf2+ 46.Kg1 Nh3+  1/2-1/2

[Event "chess.com SpeedChess 2023"]
[Site "chess.com INT"]
[Date "2023.09.20"]
[Round "3.28"]
[White "Vachier Lagrave,M"]
[Black "Nakamura,Hi"]
[Result "1-0"]
[WhiteElo "2727"]
[BlackElo "2780"]

1.e4 c5 2.Nf3 Nc6 3.d4 cxd4 4.Nxd4 e5 5.Nb5 d6 6.N1c3 a6 7.Na3 Be6 8.Nc4 Rb8
9.Ne3 Nf6 10.Bd3 g6 11.O-O Bh6 12.Ned5 Bxc1 13.Nxf6+ Qxf6 14.Rxc1 O-O 15.Qd2 Rfd8
16.Rcd1 Ne7 17.Qe3 d5 18.exd5 Nxd5 19.Nxd5 Bxd5 20.Be4 Bxe4 21.Qxe4 Qc6 22.Qxc6 bxc6
23.b3 f5 24.f3 Kf7 25.Kf2 Ke6 26.Ke3 c5 27.Rd3 c4 28.bxc4 Rdc8 29.Rb3 f4+
30.Kd3 Rd8+ 31.Kc3 Rbc8 32.Rb6+ Kf5 33.Rxa6 Rd4 34.Ra4 h5 35.Rb4 g5 36.a4 Ra8
37.Re1 Rd7 38.Rb5 Rxa4 39.Rexe5+ Kf6 40.Rf5+  1-0

[Event "chess.com SpeedChess 2023"]
[Site "chess.com INT"]
[Date "2023.09.20"]
[Round "3.30"]
[White "Nakamura,Hi"]
[Black "Vachier Lagrave,M"]
[Result "1-0"]
[WhiteElo "2780"]
[BlackElo "2727"]

1.e4 c5 2.Nf3 d6 3.Bb5+ Bd7 4.Bxd7+ Qxd7 5.O-O Nc6 6.c3 d5 7.d3 e6 8.Qe2 Nge7
9.Nbd2 Ng6 10.g3 Be7 11.h4 O-O 12.Re1 Rae8 13.h5 Nh8 14.d4 cxd4 15.cxd4 f6
16.a3 Nf7 17.Rd1 f5 18.e5 f4 19.gxf4 Nh6 20.Nf1 Bd8 21.Ng3 Nf5 22.Be3 Qf7
23.Nh2 Bb6 24.Nxf5 Qxf5 25.Rd3 Qe4 26.Re1 Rf7 27.Rdd1 Ref8 28.Qg4 Qf5 29.Qh4 Bd8
30.Qg4 Bb6 31.Qe2 Ne7 32.Rd3 Kh8 33.Bd2 Nc6 34.Be3 Ne7 35.Red1 g6 36.h6 Ng8
37.Ng4 Qh5 38.f3 Rxf4 39.Bxf4 Rxf4 40.Kg2 Qg5 41.Rh1 Bxd4 42.Qe1 Ne7 43.Qh4 Qxh4
44.Rxh4 Bxe5 45.Rh1 Nc6 46.Re1 Bxb2 47.Rb3 Bd4 48.Rxb7 Rf8 49.Rd7 e5 50.Rc1 Nb8
51.Rxd5  1-0

[Event "chess.com SpeedChess 2023"]
[Site "chess.com INT"]
[Date "2023.09.20"]
[Round "3.32"]
[White "Vachier Lagrave,M"]
[Black "Nakamura,Hi"]
[Result "1-0"]
[WhiteElo "2727"]
[BlackElo "2780"]

1.e4 a6 2.d4 c6 3.Bd3 d5 4.e5 c5 5.dxc5 Nc6 6.Nc3 e6 7.Na4 Nxe5 8.Nb6 Ra7
9.Be3 Bd7 10.Nf3 Nxf3+ 11.Qxf3 Bc6 12.Bd4 Nf6 13.O-O-O Nd7 14.Nxd7 Qxd7 15.Rhe1 Ra8
16.Qg3 h5 17.f4 Bb5 18.f5 Bxd3 19.Rxd3 Rh6 20.Bxg7  1-0

[Event "chess.com SpeedChess 2023"]
[Site "chess.com INT"]
[Date "2023.09.20"]
[Round "3.34"]
[White "Nakamura,Hi"]
[Black "Vachier Lagrave,M"]
[Result "0-1"]
[WhiteElo "2780"]
[BlackElo "2727"]

1.e4 c5 2.Nf3 Nc6 3.c3 d5 4.exd5 Qxd5 5.Na3 Bf5 6.d4 e6 7.Be3 cxd4 8.Nb5 O-O-O
9.Nfxd4 Nge7 10.Nxf5 Nxf5 11.Qxd5 Rxd5 12.Nxa7+ Nxa7 13.Bxa7 Kc7 14.Be3 Nxe3
15.fxe3 Re5 16.Kd2 Bc5 17.Re1 Rd8+ 18.Kc2 Red5 19.Re2 Rd1 20.g3 Bxe3 21.Rxe3 R8d2+
22.Kb3 Rb1 23.Ka3 Rf2 24.Bg2 Rbxb2 25.Bf3 Rxa2+ 26.Kb4 Rab2+ 27.Kc4 Rxh2
28.Rd1 Rhd2 29.Ra1 Rd6 30.Re5 Kb6 31.Raa5 Rd7 32.Rec5 Rc7 33.Rxc7 Kxc7 34.Ra8 g6
35.Rf8 f5 36.Rf7+ Kd6 37.Bxb7 h5 38.Kd3 g5 39.c4 Rb3+ 40.Ke2 Rxg3 41.Bc8 Rc3
42.Rd7+ Ke5 43.Re7 Rxc4 44.Rxe6+ Kf4 45.Bb7 Rc2+ 46.Kd3 Rb2 47.Bc6 g4 48.Rh6 Rb6
49.Kd4 h4 50.Kc5 Rxc6+ 51.Kxc6 h3 52.Kd5 Kg3 53.Kd4 f4 54.Kd3 f3 55.Kd2 h2
56.Ke3 Kg2  0-1

[Event "chess.com SpeedChess 2023"]
[Site "chess.com INT"]
[Date "2023.09.20"]
[Round "3.36"]
[White "Vachier Lagrave,M"]
[Black "Nakamura,Hi"]
[Result "0-1"]
[WhiteElo "2727"]
[BlackElo "2780"]

1.e4 c5 2.Nf3 Nc6 3.Nc3 Nf6 4.d4 cxd4 5.Nxd4 d6 6.h3 e5 7.Nf3 Be7 8.Bc4 Be6
9.Bb3 Na5 10.Bg5 Nxb3 11.axb3 Nd7 12.Bxe7 Kxe7 13.Qd2 Nf6 14.O-O a6 15.Ng5 Qb6
16.Kh2 h6 17.Nxe6 fxe6 18.Rad1 g5 19.Rfe1 Rhf8 20.Re3 Rac8 21.f3 Rc6 22.Rd3 Qc7
23.Rc1 Rc8 24.Qf2 b5 25.Rd2 Qb6 26.Qe1 h5 27.Nd1 h4 28.Ne3 Nh5 29.c3 Nf4
30.b4 a5 31.bxa5 Qxa5 32.Nc2 Qb6 33.Rcd1 Rd8 34.Nb4 Rcc8 35.Ra1 Ra8 36.Rad1 Kf6
37.Nd3 Ng6 38.Nf2 Rac8 39.Nd3 Rd7 40.f4 gxf4 41.Nf2 Ke7 42.Ng4 Rcd8 43.Rd3 Qc7
44.Qe2 d5 45.R3d2 Qc4 46.exd5 Rxd5 47.Qf2 Qc7 48.Rxd5 exd5 49.Qc2 e4 50.Rd4 f3+
51.Kh1 Qg3 52.Ne3 Qe1+ 53.Kh2 Qxe3  0-1

[Event "chess.com SpeedChess 2023"]
[Site "chess.com INT"]
[Date "2023.09.20"]
[Round "3.38"]
[White "Nakamura,Hi"]
[Black "Vachier Lagrave,M"]
[Result "1-0"]
[WhiteElo "2780"]
[BlackElo "2727"]

1.e4 c5 2.Nf3 Nc6 3.Nc3 e5 4.Bc4 d6 5.d3 Be7 6.Nd2 Nf6 7.Nf1 Bg4 8.Qd2 Qd7
9.Ne3 Be6 10.Ncd5 O-O 11.c3 Na5 12.Bb5 Qxb5 13.Nxe7+ Kh8 14.N3f5 Ne8 15.Ne3 Qd7
16.N7d5 Nc6 17.O-O f5 18.f4 fxe4 19.dxe4 Nf6 20.Nxf6 gxf6 21.f5 Bf7 22.Qf2 Rg8
23.Qh4 Qe7 24.Ng4 Bc4 25.Rf2 Raf8 26.Bh6 Rf7 27.b3 Bd3 28.Re1 c4 29.Bc1 Rff8
30.Rf3 b5 31.Rg3 d5 32.exd5 Nb8 33.Nxe5 Rxg3 34.hxg3 Kg8 35.Qg4+ Qg7 36.Bh6 Qxg4
37.Nxg4 Rd8 38.Re7  1-0

[Event "chess.com SpeedChess 2023"]
[Site "chess.com INT"]
[Date "2023.09.20"]
[Round "3.40"]
[White "Vachier Lagrave,M"]
[Black "Nakamura,Hi"]
[Result "0-1"]
[WhiteElo "2727"]
[BlackElo "2780"]

1.e4 g6 2.d4 Bg7 3.c3 d6 4.Bd3 Nd7 5.Nf3 e5 6.O-O Ngf6 7.Re1 O-O 8.Nbd2 Re8
9.Nf1 b6 10.Ng3 c5 11.d5 a6 12.a4 Bb7 13.c4 h6 14.b3 Nh7 15.Be3 Ndf6 16.h3 Kh8
17.Qd2 Ng8 18.Rf1 Bc8 19.Rae1 Rf8 20.Qc2 Ra7 21.Nh2 Bf6 22.f4 exf4 23.Bxf4 Be5
24.Qd2 f6 25.Nf3 Bxf4 26.Qxf4 Rg7 27.Qd2 Re8 28.Kh2 Ng5 29.Nh4 Re5 30.Ne2 Qe8
31.Nf4 Kh7 32.a5 bxa5 33.Qxa5 Nxe4 34.Nf3 Ree7 35.Ne6 Bxe6 36.dxe6 Rxe6 37.Qxa6 f5
38.Bxe4 fxe4 39.Ng1 d5 40.Qa5 d4 41.Qxc5 d3 42.Qe3 Ne7 43.g4 Qb8+ 44.Kg2 Qxb3
45.Qd4 Nc6 46.Qd5 Qb2+ 47.Rf2 Qe5 48.Rd2 Rge7 49.Qxe5 Rxe5 50.h4 Nb4  0-1

[Event "chess.com SpeedChess 2023"]
[Site "chess.com INT"]
[Date "2023.09.20"]
[Round "3.20"]
[White "Vachier Lagrave,M"]
[Black "Nakamura,Hi"]
[Result "0-1"]
[WhiteElo "2727"]
[BlackElo "2780"]

1.e4 c5 2.Nf3 Nc6 3.Nc3 Nf6 4.Bb5 Qc7 5.O-O Nd4 6.Re1 Ng4 7.e5 Nxf3+ 8.Qxf3 Nxe5
9.Qg3 f6 10.d3 a6 11.Ba4 b5 12.Bb3 e6 13.f4 Nf7 14.a4 c4 15.Ba2 Bb7 16.Be3 b4
17.Ne4 Bxe4 18.dxe4 Bc5 19.Qxg7 Bxe3+ 20.Rxe3 Qxf4 21.Rf3 Qg5 22.Qxf6 Qxf6
23.Rxf6 Ke7 24.Raf1 Ne5 25.Rh6 a5 26.Rh5 d6 27.Rf4 Raf8 28.Rxf8 Kxf8 29.Rxe5 dxe5
30.Bxc4 Ke7 31.Kf2 Rd8 32.Ke2 Rf8 33.Ke3 Kd6 34.b3 Ke7 35.Be2 h6 36.g3 Kf6
37.Bc4 h5 38.h4 Rg8 39.Kf2 Ke7 40.Be2 Rh8 41.Ke3 Kd6 42.Bc4 Rg8 43.Kf3 Rg4
44.Bb5 Rg8 45.Bc4 Rg6 46.Bb5 Kc5 47.Be8 Rf6+ 48.Ke3 Rh6 49.Bf7 Rh7 50.Be8 Rh8
51.Bf7 Kd6  0-1

[Event "chess.com SpeedChess 2023"]
[Site "chess.com INT"]
[Date "2023.09.20"]
[Round "3.44"]
[White "Vachier Lagrave,M"]
[Black "Nakamura,Hi"]
[Result "1/2-1/2"]
[WhiteElo "2727"]
[BlackElo "2780"]

1.e4 g6 2.d4 Bg7 3.Nf3 d6 4.h3 Nf6 5.Bd3 O-O 6.O-O Nc6 7.c3 e5 8.dxe5 Nxe5
9.Nxe5 dxe5 10.Be3 Qe7 11.Nd2 Rd8 12.Qc2 Be6 13.Rfe1 Ne8 14.Bc4 Nd6 15.Bxe6 Qxe6
16.c4 Nc8 17.b4 Ne7 18.b5 Rd7 19.Nb3 b6 20.a4 f5 21.f3 f4 22.Bf2 g5 23.Red1 Rad8
24.Rxd7 Rxd7 25.c5 h5 26.c6 Rd6 27.Rd1 Nc8 28.Rd3 g4 29.hxg4 hxg4 30.Nd2 g3
31.Be1 Rxd3 32.Qxd3 Nd6 33.Qd5 Kf7 34.Kf1 Bf8 35.Ke2 Kf6 36.Qxe6+ Kxe6 37.Kd3 Nc8
38.Nb1 Bd6 39.Bd2 Ne7 40.Ke2 Ng6 41.Bc3 Be7 42.Nd2 Nh8 43.Nc4 Nf7 44.Kd3 Bc5
45.a5 Bf2 46.axb6 axb6 47.Bb4 Ng5 48.Ke2 Bd4 49.Bf8 Nf7 50.Kd3 Ng5 51.Ke2 Nf7
52.Kd3 Bg1 53.Bb4 Nh8 54.Ke2 Ng6 55.Bc3 Bc5 56.Kf1 Be7 57.Ke2 Bf6 58.Kf1 Nh8
59.Ke2 Nf7 60.Bb4 Ng5 61.Bd6 cxd6 62.Nxb6 Bd8 63.Nd5 Kf7 64.c7 Bxc7 65.Nxc7 Ke7
66.Nd5+ Kd7 67.Nf6+ Kc8 68.Ne8 Kd7 69.b6 Kc6 70.b7 Kxb7 71.Nxd6+ Kc6 72.Nc4 Nf7
73.Kd3 Kd7 74.Nd2 Ke6 75.Ke2 Nd6 76.Kd3 Nb5 77.Nb3 Kd6 78.Kc4 Na7 79.Na5 Nc8
80.Nb7+ Kc7 81.Nc5 Kc6 82.Nd3 Nb6+ 83.Kc3 Nd7 84.Kc4 Kd6 85.Kc3 Nf8 86.Kd2 Ng6
87.Ke2 Kc6 88.Nb4+ Kc5 89.Nd5 Kd4 90.Kf1 Nf8 91.Ne7 Nd7 92.Nf5+ Kd3 93.Ne7 Nb6
94.Ng6 Nc4 95.Ke1 Kd4 96.Ke2 Ne3 97.Nh4 Kc5 98.Kd3 Kb4 99.Kd2 Kc4 100.Ke2 Kc3
101.Ng6 Nxg2 102.Nxe5 Nh4 103.Ng4 Kc4 104.Nf6 Kd4 105.Nh5 Ke5 106.Ng7 Ng6
107.Nh5 Nf8 108.Kf1 Ng6 109.Kg2 Nh4+ 110.Kh3 Nxf3 111.Nxg3 Nd2 112.Nh5 f3
113.Kg3 Kxe4 114.Kf2 Nc4 115.Nf6+ Kf4 116.Nd5+ Kg4 117.Nf6+ Kf4 118.Nd5+ Kg5
119.Kxf3  1/2-1/2

[Event "chess.com SpeedChess 2023"]
[Site "chess.com INT"]
[Date "2023.09.20"]
[Round "3.46"]
[White "Nakamura,Hi"]
[Black "Vachier Lagrave,M"]
[Result "1/2-1/2"]
[WhiteElo "2780"]
[BlackElo "2727"]

1.e4 c6 2.Nc3 d5 3.Nf3 dxe4 4.Nxe4 Nf6 5.Qe2 Nxe4 6.Qxe4 Qa5 7.Bc4 Bf5 8.Qf4 e6
9.Bb3 Nd7 10.O-O Be7 11.Re1 O-O 12.d4 Nf6 13.Bd2 Qd8 14.Ne5 Nd5 15.Qg3 Rc8
16.Rad1 Bd6 17.c4 Nf6 18.Bg5 Kh8 19.Qh4 Be7 20.d5 cxd5 21.cxd5 exd5 22.Bxd5 Nxd5
23.Bxe7 Qxe7 24.Ng6+ Bxg6 25.Rxe7 Nxe7 26.Qxe7 Rb8 27.h4 Rfe8 28.Qc7 h5 29.Rd7 Kg8
30.Qd6 Be4 31.Qf4 Bg6 32.Kh2 a5 33.Rd5 b6 34.Qg3 Rbc8 35.f4 Be4 36.Rd2 g6
37.Re2 Bf5 38.Rxe8+ Rxe8 39.Qb3 Re6 40.Qc3 Re2 41.Kg1 Rc2 42.Qd4 b5 43.a3 a4
44.Qd8+ Kg7 45.Qd5 Be6 46.Qxb5 Bb3 47.Qe5+ Kh7 48.f5 Rc1+ 49.Kf2 Rc4 50.g3 Rg4
51.f6 g5 52.Qf5+ Kh6 53.Qc5 gxh4 54.gxh4 Kg6 55.Qf8 Kxf6 56.Qh6+ Rg6 57.Qxh5 Kg7
58.Qe5+ Kh7 59.Qf5 Kg7 60.Qe5+ Kh7 61.h5 Re6 62.Qg5 Rh6 63.Kg3 Re6 64.Kh4 Rh6
65.Qf5+ Kg7 66.Kg5 Re6 67.Qf4 Rh6 68.Qd4+ Kh7 69.Qd7 Kg7 70.Qd4+ Kh7 71.Qd3+ Kg7
72.Qg3 Kh7 73.Kh4 Re6 74.Qg5 Rh6 75.Kg3 Re6 76.Kf4 Rh6 77.Qc5 Re6 78.Kg5 Kg7
79.Qd4+ Kh7 80.Qd3+ Kg7 81.Qh3 Rh6 82.Qg2 Re6 83.Qh2 Rh6 84.Qh1 Re6 85.h6+ Kh7
86.Qb1+ Rg6+ 87.Kf4 Kxh6 88.Qf5 Kg7 89.Qe5+ Kh7 90.Qc3 Kg8 91.Qc8+ Kh7 92.Qc5 Kg7
93.Qe5+ Kh7 94.Qd4 Kg8 95.Qd2 Kg7 96.Qc3+ Kg8 97.Ke5 Re6+ 98.Kf5 Rg6 99.Kf4 Kh7
100.Qc1 Kg7 101.Qh1 Rf6+ 102.Ke3 Re6+ 103.Kf4 Rg6 104.Qh2 Rf6+ 105.Ke5 Re6+
106.Kd4 Rg6 107.Qe5+ Kg8 108.Qe3 Kg7 109.Kc3 Kg8 110.Qe8+ Kg7 111.Qd7 Re6
112.Kb4 Rg6 113.Qd4+ Kg8 114.Qe3 Kg7 115.Qc3+ Kg8 116.Qe1 Kg7 117.Kc5 Rg5+
118.Kd4 Rg6 119.Qe5+ Kg8 120.Qh2 Kg7 121.Kc3 Kg8 122.Qb8+ Kg7 123.Qe5+ Kg8
124.Qe1 Rc6+ 125.Kb4 Re6 126.Qg3+ Rg6 127.Qh2 Kg7 128.Kc5 Rg5+ 129.Kd6 Rg6+
130.Kd7 Re6 131.Qf4 Rg6 132.Qd4+ Kg8 133.Kc7 Re6 134.Qh4 Kg7 135.Qh3 Kg8
136.Qh2 Kg7 137.Qg3+ Rg6  1/2-1/2

[Event "chess.com SpeedChess 2023"]
[Site "chess.com INT"]
[Date "2023.09.20"]
[Round "3.48"]
[White "Vachier Lagrave,M"]
[Black "Nakamura,Hi"]
[Result "0-1"]
[WhiteElo "2727"]
[BlackElo "2780"]

1.e4 g6 2.d4 Bg7 3.Nc3 d6 4.Be3 a6 5.Qd2 b5 6.f3 Bb7 7.h4 Nf6 8.g4 h5 9.g5 Nfd7
10.Nge2 Nb6 11.b3 N8d7 12.Bh3 e6 13.O-O Qe7 14.Rad1 O-O 15.a4 bxa4 16.Nxa4 Nxa4
17.bxa4 a5 18.c4 Nb6 19.Qa2 Ba6 20.Rc1 d5 21.cxd5 exd5 22.e5 Bc4 23.Qc2 Qa3
24.Nc3 Bxf1 25.Bxf1 c6 26.f4 Nc4 27.Bxc4 dxc4 28.f5 gxf5 29.Qxf5 Rab8 30.e6 Qe7
31.exf7+ Rxf7 32.Qh3 Rbf8  0-1

[Event "chess.com SpeedChess 2023"]
[Site "chess.com INT"]
[Date "2023.09.20"]
[Round "3.50"]
[White "Nakamura,Hi"]
[Black "Vachier Lagrave,M"]
[Result "1-0"]
[WhiteElo "2780"]
[BlackElo "2727"]

1.e4 c6 2.Nc3 d5 3.Nf3 dxe4 4.Nxe4 Nf6 5.Ng3 h5 6.Bc4 h4 7.Nf1 e6 8.Ne3 b5
9.Be2 Bb7 10.h3 a6 11.d4 c5 12.c3 Nbd7 13.a4 c4 14.O-O Bd6 15.axb5 axb5 16.Rxa8 Qxa8
17.b3 cxb3 18.Qxb3 Ke7 19.c4 bxc4 20.Nxc4 Bd5 21.Qe3 Bxc4 22.Bxc4 Rc8 23.Be2 Qa2
24.Nxh4 Nd5 25.Qg5+ Kf8 26.Bf3 N7f6 27.Bxd5 Nxd5 28.Nf3 Rc2 29.Qd8+  1-0

[Event "chess.com SpeedChess 2023"]
[Site "chess.com INT"]
[Date "2023.09.20"]
[Round "3.52"]
[White "Vachier Lagrave,M"]
[Black "Nakamura,Hi"]
[Result "0-1"]
[WhiteElo "2727"]
[BlackElo "2780"]

1.e4 g6 2.d4 Bg7 3.h4 c5 4.dxc5 Qa5+ 5.Bd2 Qxc5 6.Bc3 Bxc3+ 7.Nxc3 Nf6 8.Be2 d6
9.Qd2 Be6 10.h5 g5 11.Nf3 h6 12.Nd4 Nc6 13.O-O-O Rc8 14.Qe3 Bd7 15.g3 g4
16.Nf5 Qxe3+ 17.Nxe3 Ne5 18.Ned5 Nxd5 19.Nxd5 Bc6 20.Rd4 Rg8 21.Ne3 Rg5 22.Rh4 Bd7
23.Kb1 f6 24.c3 Kd8 25.Kc2 Kc7 26.Nd5+ Kd8 27.Kd2 Be6 28.Ne3 Kc7 29.a4 a5
30.b4 Ra8 31.Rh1 Nc6 32.b5 Nxd4 33.cxd4 Rc8 34.d5 Bd7 35.Nc4 b6 36.Ke3 Kb7
37.Kd4 Rc5 38.Ne3 Kc7 39.Kd3 f5 40.exf5 Bxf5+ 41.Kd4 e5+ 42.dxe6 Bxe6 43.Re1 Rge5
44.Bd3 Kd7 45.Bg6 Ke7 46.Kd3 Kf6 47.Kd2 Kg5 48.Rd1 Bb3 49.Ra1 Be6 50.Rd1 Bb3
51.Ra1 d5 52.Kd3 Rxe3+ 53.Kxe3 Rc4 54.Bd3 Rxa4 55.Rc1 Bc4 56.Bxc4 Rxc4  0-1

[Event "chess.com SpeedChess 2023"]
[Site "chess.com INT"]
[Date "2023.09.20"]
[Round "3.54"]
[White "Nakamura,Hi"]
[Black "Vachier Lagrave,M"]
[Result "1-0"]
[WhiteElo "2780"]
[BlackElo "2727"]

1.e4 c6 2.Nf3 d5 3.Nc3 Nf6 4.e5 Ne4 5.d4 Nxc3 6.bxc3 Bf5 7.Bd3 Bxd3 8.Qxd3 e6
9.O-O Nd7 10.c4 Be7 11.Nd2 O-O 12.Qg3 f6 13.exf6 Bxf6 14.c3 dxc4 15.Nxc4 Nb6
16.Ne3 Nd5 17.Ng4 Bg5 18.Re1 Bxc1 19.Raxc1 Nf4 20.Re5 Kh8 21.Rce1 Qb6 22.h4 Qb2
23.h5 Qxa2 24.h6 gxh6 25.Nxh6 Qc2 26.Rg5 Ng6 27.Rxe6 Rae8 28.Rxe8 Rxe8 29.Qf3 Kg7
30.Nf5+ Kh8 31.Nd6 Re1+ 32.Kh2 Qd1 33.Qf8+  1-0

[Event "chess.com SpeedChess 2023"]
[Site "chess.com INT"]
[Date "2023.09.20"]
[Round "3.56"]
[White "Vachier Lagrave,M"]
[Black "Nakamura,Hi"]
[Result "1-0"]
[WhiteElo "2727"]
[BlackElo "2780"]

1.e4 g6 2.h4 Bg7 3.h5 c5 4.hxg6 hxg6 5.Rxh8 Bxh8 6.c3 Nc6 7.Nf3 d5 8.exd5 Qxd5
9.Na3 Bg4 10.Bc4 Qd7 11.d3 O-O-O 12.Be3 Bxf3 13.gxf3 Qf5 14.f4 Nf6 15.Qa4 Nd5
16.O-O-O Nxf4 17.Qb5 Ne6 18.Qa4 Be5 19.Bb5 Rd6 20.Nc4 Nb8 21.Nxd6+ Bxd6 22.Qxa7 Nc7
23.a4  1-0

[Event "chess.com SpeedChess 2023"]
[Site "chess.com INT"]
[Date "2023.09.20"]
[Round "3.14"]
[White "Nakamura,Hi"]
[Black "Vachier Lagrave,M"]
[Result "1-0"]
[WhiteElo "2780"]
[BlackElo "2727"]

1.e4 c5 2.Nf3 d6 3.Bb5+ Bd7 4.Bxd7+ Qxd7 5.d3 Nc6 6.O-O e6 7.c3 d5 8.Qe2 O-O-O
9.Nbd2 Bd6 10.a3 Nge7 11.b4 Ng6 12.g3 f5 13.bxc5 Bxc5 14.e5 f4 15.Nb3 Bb6
16.a4 Qf7 17.a5 Bc7 18.d4 Qf5 19.Nc5 Bxa5 20.Qb5 Bb6 21.Rxa7  1-0